| 000 -LEADER |
| fixed length control field |
01208nam a22002057a 4500 |
| 003 - CONTROL NUMBER IDENTIFIER |
| control field |
OSt |
| 005 - DATE AND TIME OF LATEST TRANSACTION |
| control field |
20250205113704.0 |
| 008 - FIXED-LENGTH DATA ELEMENTS--GENERAL INFORMATION |
| fixed length control field |
250205b ||||| |||| 00| 0 eng d |
| 020 ## - INTERNATIONAL STANDARD BOOK NUMBER |
| International Standard Book Number |
9781444126037 |
| 040 ## - CATALOGING SOURCE |
| Transcribing agency |
KH8 |
| 082 ## - DEWEY DECIMAL CLASSIFICATION NUMBER |
| Classification number |
500 RIL |
| 100 ## - MAIN ENTRY--PERSONAL NAME |
| Personal name |
Riley, Peter D, |
| Relator term |
author. |
| 245 10 - TITLE STATEMENT |
| Title |
Checkpoint Science 1 / |
| Statement of responsibility, etc. |
Peter D Riley. |
| 260 ## - PUBLICATION, DISTRIBUTION, ETC. |
| Place of publication, distribution, etc. |
London ; |
| Name of publisher, distributor, etc. |
Hodder Education , |
| Date of publication, distribution, etc. |
2017. |
| 300 ## - PHYSICAL DESCRIPTION |
| Extent |
250 pages : |
| Other physical details |
color illustrations ; |
| Dimensions |
28 cm. |
| 490 ## - SERIES STATEMENT |
| Series statement |
Cambridge checkpoint |
| 520 ## - SUMMARY, ETC. |
| Summary, etc. |
This widley-used and highly-respected Student's Book, for Cambridge Secondary 1 Science, is fully matched to the Curriculum Framework, Cambridge Checkpoint Tests and the Cambridge Progression Tests.<br/><br/>It provides superb support for your students and will bring Science to life with full-colour diagrams and illustrations. It will also help your students demonstrate an investigative and experimental approach, with a strong emphasis on Scientific Enquiry.<br/><br/>Biology, Chemistry and Physics are combined in a single handy volume, but the material is in three distinct sections so you can still teach the course as three separate Sciences if you prefer. |
| 650 ## - SUBJECT ADDED ENTRY--TOPICAL TERM |
| Topical term or geographic name entry element |
Science |
| Form subdivision |
study and teaching |
| 942 ## - ADDED ENTRY ELEMENTS (KOHA) |
| Source of classification or shelving scheme |
|
| Koha item type |
Books - Non Ficton |